Prefabricated systems Principle s of construction.

Guardat en:
Dades bibliogràfiques
Autor principal: KNAACK, Ulrich
Format: Llibre
Idioma:anglès
Publicat: Birkhauser 2012.
Etiquetes: Afegir etiqueta
Sense etiquetes, Sigues el primer a etiquetar aquest registre!

MARC

LEADER 00000nam a22000007a 4500
008 210909b ||||| |||| 00| 0 eng d
020 |a 9783764387671. 
100 |a KNAACK, Ulrich. 
245 |a Prefabricated systems  |b Principle s of construction.  |c Ulrich Knaack ,Sharon Chung-Klattle {and} Reinhard Hasselbach  |g  133p:ill. 
260 |b Birkhauser  |c 2012.  |d  Book.  |h Basel,Switzerland  |i 696842  |i 696843  |l TH 2235,K72  |m Facades- Design and construction. 
500 |a " It includes bibliography and index". 
942 |a lcc  |c CF  |e Olagoke ,M.A.  |f 10/09/2021 
952 |0 0  |1 0  |2 lcc  |4 0  |7 0  |9 3498  |a HOL  |b TL  |c QZ  |d 2021-09-09  |o TH 2235.K72  |p 2021-67227  |r 2021-09-09 00:00:00  |t 696843  |w 2021-09-09  |y CF 
952 |0 0  |1 0  |2 lcc  |4 0  |7 0  |9 3499  |a HOL  |b HOL  |c QZ  |d 2021-09-09  |o TH 2235.K72  |p 2021-67228  |r 2021-09-09 00:00:00  |t 696842  |w 2021-09-09  |y CF 
999 |c 1737  |d 1737